书目信息 |
| 题名: |
恋爱管理学
|
|
| 作者: | 林谊甄 著 | |
| 分册: | ||
| 出版信息: | 北京 现代出版社 2004.02 |
|
| 页数: | 172页 | |
| 开本: | 21cm | |
| 丛书名: | 梦工场 | |
| 单 册: | ||
| 中图分类: | C913.1 | |
| 科图分类: | ||
| 主题词: | 恋爱--lian ai--通俗读物 | |
| 电子资源: | ||
| ISBN: | 7-80188-135-4 | |
| 000 | 00827nam 2200253 450 | |
| 001 | 012008624843 | |
| 005 | 20080317140423.25 | |
| 010 | @a7-80188-135-4@dCNY18.00 | |
| 100 | @a20080317d2004 km y0chiy0120 ea | |
| 101 | 0 | @achi |
| 102 | @aCN@b110000 | |
| 105 | @ay z 000yy | |
| 106 | @ar | |
| 200 | 1 | @a恋爱管理学@ALian Ai Guan Li Xue@f林谊甄著@Flin yi zhen zhu |
| 210 | @a北京@c现代出版社@d2004.02 | |
| 215 | @a172页@d21cm | |
| 225 | 2 | @a梦工场@Ameng gong chang@i微笑系列丛书 |
| 330 | @a该书给出了51条恋爱管理守则,即“检查自己的条件”、“从约会地点看品位”、“印象分数”、“不要摆着一张扑克脸”等。 | |
| 410 | 0 | @12001 @a梦工场@i微笑系列丛书 |
| 606 | 0 | @a恋爱@Alian ai@j通俗读物 |
| 690 | @aC913.1@v4 | |
| 701 | 0 | @a林谊甄@Alin yi zhen@4著 |
| 801 | 0 | @aCN@bQSSK@c20080317 |
| 905 | @b20286419-21@dC913.1@eL529@f3 | |
| 恋爱管理学/林谊甄著.-北京:现代出版社,2004.02 |
| 172页;21cm.-(梦工场.微笑系列丛书) |
| ISBN 7-80188-135-4:CNY18.00 |
| 该书给出了51条恋爱管理守则,即“检查自己的条件”、“从约会地点看品位”、“印象分数”、“不要摆着一张扑克脸”等。 |
| ● |
| 相关链接 |
|
|
|
正题名:恋爱管理学
索取号:C913.1/L529
 
预约/预借
| 序号 | 登录号 | 条形码 | 馆藏地/架位号 | 状态 | 备注 |
| 1 | 286419 | 202864196 | 社科库509/509社科库 60排6列3层/ [索取号:C913.1/L529] | 在馆 | |
| 2 | 286420 | 202864203 | 社科库509/509社科库 60排6列3层/ [索取号:C913.1/L529] | 在馆 | |
| 3 | 286421 | 202864212 | 社科库509/509社科库 60排6列3层/ [索取号:C913.1/L529] | 在馆 |